History Quiz

Random History Quiz

Expansion of Industry (McIntyre's Room!) Quiz Stats

 Plays Quiz not verified by Sporcle

Challenge
Share
Tweet
Embed
Score 0/16 Timer 03:00
0 Plays Today
If you paid attention to your notes.... % Correct
Santa will give you this if you are naughty!coal
100%
Thomas Edison made...the...light bulb
100%
It is in skyscrapers!steel
90.9%
Alexander Graham Bell is known for...?telephone
81.8%
It comes from oil and goes is your car!gasoline
72.7%
Bonus! What did Christopher Stoles invent? You type on it!typewriter
72.7%
What is that icky reddish stuff that forms on iron?rust
72.7%
Steel made the Brooklyn ------? (Or the Golden Gate)bridge
72.7%
If you paid attention to your notes.... % Correct
You remove carbon from what to get steel?iron
63.6%
A growing what demanded more natural resources? (Think about a word startin with 'P')population
60%
Much like a baby boom...'cept with oil.oil boom
45.5%
Who does Mr. McIntyre look the least like?Obama
45.5%
In what odd place was the wireless mouse last found?trophy
40%
Keeping food in cans --------- them so they could stay good longer.preserved
30%
What team made this quiz? One
30%
Who helped invent the telephone? (The guy that isn't so well known!)Thomas Watson
27.3%

You're not logged in!

Compare scores with friends on all Sporcle quizzes.
Join for Free
OR
Log In

You Might Also Like...

Show Comments

Extras

Top Quizzes Today


Score Distribution

Your Account Isn't Verified!

In order to create a playlist on Sporcle, you need to verify the email address you used during registration. Go to your Sporcle Settings to finish the process.

Report this User

Report this user for behavior that violates our Community Guidelines.

Details: